000 00569cam a2200217 4500
001 B2622
008 090401t1989 xxu||||| |||| 00| 0 eng d
035 _a(Sirsi) u51206
041 _aeng
050 _a338.4369094
110 _aEuroconstruct
_92964
245 _aMedium-term assessment of construction activities in Europe
260 _aSt. Gallen,Switzerland
_bEuroconstruct
_c1989
300 _a(256)p. ; 30cm.
350 _a240
650 _aBUILDING INDUSTRY
650 _aFORECASTS
700 _aGraf, H.G.
_xEditor
942 _n0
948 _c04/03/1997
999 _c92836
_d92836